| 000 | 01167cam a22003737a 4500 | ||
|---|---|---|---|
| 003 | CHAP | ||
| 005 | 20220817042925.0 | ||
| 008 | 971013s1995 r 00010 d | ||
| 010 | _a59969 | ||
| 011 | _a60941 | ||
| 035 | _a65105 | ||
| 040 | _cCHAP | ||
| 090 | _aFolleto 14648 | ||
| 100 | 0 | 0 |
_aCasco Rosete, Gilberto Gonzalo. _919801 |
| 245 | 1 | 3 | _aEl arroz, situación y perspectivas |
| 260 |
_aMorelia, Mich. : _bFideicomisos Instituidos en Relación con la Agricultura, _c1995 |
||
| 300 |
_a40 p. _b: ilus. |
||
| 410 | _aFIRA | ||
| 490 | 0 |
_aBoletin informativo _v; 27 (270) |
|
| 590 |
_aBATCH-UPD _b10 _c20130109 _lUCH01 _h2311 |
||
| 590 |
_aBATCH-UPD _b10 _c20130110 _lUCH01 _h0814 |
||
| 590 |
_aBATCH-UPD _b10 _c20130409 _lUCH01 _h1829 |
||
| 590 |
_aBATCH-UPD _b10 _c20130914 _lUCH01 _h0404 |
||
| 590 |
_aCONVERSION _b10 _c20130109 _lUCH01 _h1332 |
||
| 650 | 1 | 4 |
_aArroz. _97554 |
| 650 | 1 | 4 |
_aArroz _xIndustria. _97623 |
| 650 | 1 | 4 |
_aArroz _xMéxico. _97635 |
| 650 | 1 | 4 |
_aArroz _zMorelos. _97677 |
| 810 |
_aFIRA _941029 |
||
| 830 | 0 |
_aBoletin informativo _v; 27 (270) |
|
| 901 | _aBK | ||
| 942 | _cFOLL | ||
| 949 |
_aFolleto 14648 _bBC _cFOLL _d-144135 _eTS1 _i65105 _si |
||
| 999 |
_c59969 _d59969 |
||